Contabilidad social : del sistema de la circulación económica a los modelos de cuentas nacionales / Moisés García García del sistema de la circulación económica a los modelos de cuentas nacionales / Moisés García García
Descripción Física:
710 p., [1] full pleg. : il., taules, gràf. ; 24 cm
Materias:
Comptabilitat
MARC
| LEADER | 00000nam a2200000Ia 4500 | ||
|---|---|---|---|
| 001 | 14168 | ||
| 003 | BGR | ||
| 005 | 20260324175258.0 | ||
| 008 | 160829s9999 xx 000 0 cat d | ||
| 080 | |a M-4-143 | ||
| 100 | |a García García, Moisés |9 24612 | ||
| 245 | |a Contabilidad social : |b del sistema de la circulación económica a los modelos de cuentas nacionales / Moisés García García | ||
| 260 | |a [Madrid: |b Instituto de Planificación Contable : |b Ministerio de Hacienda], DL 1980 | ||
| 300 | |a 710 p., [1] full pleg. : |b il., taules, gràf. ; |c 24 cm | ||
| 590 | |a Bibliografia. | ||
| 590 | |a Índex | ||
| 650 | |a Comptabilitat |9 10107 | ||
| 710 | 2 | |a Instituto de Planificación Contable (Madrid) |9 71178 | |
| 710 | 1 | |a Espanya |9 69580 |b Ministerio de Hacienda | |
| 901 | |a Arxiu | ||
| 942 | |n 1 |2 udc |c MON | ||
| 952 | |0 0 |1 0 |4 0 |6 M4143 |7 1 |9 43229 |a Arxiu |b Arxiu |d 2016-12-01 |l 0 |o M-4-143 |p 14168 |r 2016-12-01 00:00:00 |w 2016-12-01 |y ARXIU | ||
| 999 | |c 45773 |d 45773 | ||